Statistics for Socialist Countries

Click here to take the quiz!

General Stats

  • This quiz has been taken 934 times
  • The average score is 5 of 13

Answer Stats

Socialist Countries% Correct
Openly Declared Themselves SocialistChina
94%
Cuba
87%
Vietnam
85%
North Korea
81%
Laos
75%
India
38%
Have Socialist Leanings in the ConstitutionBangladesh
24%
Sri Lanka
21%
Portugal
17%
Tanzania
8%
Guyana
7%
Guinea-Bissau
4%
Sao Tome and Principe
2%

Score Distribution

Percentile by Number Answered

Percent of People with Each Score

Your Score History

You have not taken this quiz